000 00729nam a22001935i 4500
001 159627
003 ES-MaACL
005 20230906211705.0
008 040914s1887 sp |||| | spa d
040 _aCAM
_bspa
_cCAM
100 1 _aMier y Miura, Eduardo.
_9129905
245 1 0 _aTeoría de las aproximaciones numéricas /
_cpor Eduardo Mier y Miura.
250 _a2ª ed.
260 _aMadrid :
_b[s.n.],
_c[s.a.] (
_fImprenta del Memorial de Ingenieros)
300 _a51, [1] p. ;
_c25 cm.
596 _aEn prelim. consta 1887.
650 4 _aNúmeros, Teoría de los.
_9138233
852 _aES-MaACL
_jT-893-F-9
_z-- Enc. hol., conservando la cub. original
_z-- Sello del Ministerio de Fomento
_z-- Enc. en un vol. facticio
999 _c159627
_d159627